| 000 | 00387pab a2200145 454500 | ||
|---|---|---|---|
| 008 | 180718b1989 xxu||||| |||| 00| 0 eng d | ||
| 100 | _aBobrowski, Paul M. | ||
| 245 |
_aProject management control problems _bAn information system focus |
||
| 260 | _c1989 | ||
| 300 | _a11-16 | ||
| 362 | _aJun. | ||
| 650 | _aProject Management | ||
| 773 | _aProject Management Journal | ||
| 909 | _a16389 | ||
| 999 |
_c16389 _d16389 |
||